000 01305cam a2200361 a 4500
999 _c332119
_d332119
001 17686710
003 ASAB
005 20180116115742.0
008 130405s2012 enka b 001 0 eng c
010 _a 2012540904
016 7 _a101593351
020 _a9780123814517
020 _a0123814510
035 _a(OCoLC)ocn815716715
040 _cASAB
042 _apcc
050 0 0 _aRB155
_b.T732 2012
060 0 0 _a2012 H-599
060 1 0 _aQZ 50
082 0 0 _a616/.042
_223
100 1 _aTrent, R. J.
_96338
245 1 0 _aMolecular medicine :
_bgenomics to personalized healthcare /
_cRonald J. Trent.
250 _a4th ed.
260 _aLondon ;
_aWaltham, MA :
_bElsevier/Academic Press,
_c2012.
300 _aix, 336 p. :
_bill. (chiefly col.) ;
_c24 cm.
504 _aIncludes bibliographical references and index.
650 0 _aMedical genetics.
_96339
650 1 2 _aGenetics, Medical.
_96340
650 2 2 _aMolecular Biology.
_92446
856 4 2 _3Publisher description
_uhttp://www.loc.gov/catdir/enhancements/fy1606/2012540904-d.html
906 _a7
_bcbc
_cpccadap
_d2
_encip
_f20
_gy-gencatlg
942 _2ddc
_cBK